Matemáticas para computadoras

Bibliographic Details
Main Author: Lipschutz, Seymour
Format: Section = Libro
Language:Undetermined
Spanish
Published: México McGraw-Hill 1992
Subjects:
LEADER 00510nam a2200193Ia 4500
008 240829s9999 xx 000 0 und d
020 |a 970-10-0266-0 
040 |a BIBLIOTECA-RUSB/ 519.4 L767 
041 |a spa 
082 |a 519.4 L767 
100 1 |a Lipschutz, Seymour 
245 1 0 |a Matemáticas para computadoras 
260 |a México  |b McGraw-Hill  |c 1992 
300 |a 356 p. :il. 
650 7 |a ANALISIS NUMERICO APLICADO 
650 7 |b  MATEMATICA PARA COMPUTADORA 
942 |c BK  |2 ddc 
991 |a TEXTO 
999 |c 1888